00477 a2200157 4500010001400000020002300014035001300037037001500050082001100065100001500076245007700091260002700168270007900195300002600274500001900300 aENG-88271 a8188629626c750.00 aEN-71804 bDBAD / PUB14a954.081 aDua, J. C.1 aLand, landed elites and resource management:cby J. C. DuabSouth India/ aDelhibOriginalsc2007 aA-6, Nimrai Commercial Centre, Near Ashok Vihar Phase-IV,b Delhic110 052 ax, 388 p.c22cm (Hb) aIncludes Index